00575 2200217 4500001002100000005001500021035002000036008004100056245005500097250001000152260003700162300003000199020002200229084001900251082001300270650003400283990001000317990001000327990001000337990001000347INLIS00000000001204820260424105425 a0010-0426000019260424 g 0 ind  aMereka hilang tak kembali /cAristayanu Bagus, dkk aCet.2 aYogyakarta :bMojok Group,c2025 axxii, 211 hlm ;c13x19 cm a978-623-5280-23-3 a959.8037 MER m a959.8037 4aIndonesia--Sejarah--Orde Baru a58267 a58268 a58269 a58270